000 00660nam a2200229Ia 4500
003 OSt
005 20220926005524.0
006 a|||||r|||| 00| 0
007 ta
008 220923b |||||||| |||| 00| 0 eng d
037 _cGeneral Book
040 _aRTL
_cRTL
_beng
041 _2eng
_aeng
082 _aXM.20j5932.N7, L9
100 _aKalmar George Ed.
245 0 _aIndia and Hungary decades of co-operation
260 _a New Delhi
_bSterling India
_c1979
300 _a111p. Appendix p. 101-111
_ccm.
650 _aCooperation
942 _hXM.20j5932.N7, L9
_cGB
_2CC
999 _c614102
_d614102